Slovenčina pre cudzincov

Uložené v:
Podrobná bibliografia
Hlavný autor: Dratva, Tomáš
Ďalší autori: Buznová, Viktória
Médium: Kniha
Jazyk:Slovak
Vydavateľské údaje: Bratislava Slov. ped. nakl. 1992
Vydanie:1. vyd.
Predmet:
Tagy: Pridať tag
Žiadne tagy, Buďte prvý, kto otaguje tento záznam!

MARC

LEADER 00000nam a2200000 4500
001 c004270
005 20221128073839.6
020 |a 80-08-00446-0 
041 0 |a slo 
044 |a SK 
245 1 0 |a Slovenčina pre cudzincov  |c Tomáš Dratva, Viktória Buznová 
250 |a 1. vyd. 
264 1 |a Bratislava  |b Slov. ped. nakl.  |c 1992 
300 |a 375 s. 
610 2 0 |a jazykoveda 
610 2 0 |a slovenčina 
610 2 0 |a cudzinci 
100 1 |a Dratva, Tomáš 
700 1 |a Buznová, Viktória